Central Library OPAC University of Rajshahi

চামড়া শিল্প : (Record no. 39634)

MARC details
000 -LEADER
fixed length control field 01719nam a2200277 a 4500
001 - CONTROL NUMBER
control field 39634
003 - CONTROL NUMBER IDENTIFIER
rucl marc code BD-RjUL
005 - DATE AND TIME OF LATEST TRANSACTION
control field 20211209053030.0
008 - FIXED-LENGTH DATA ELEMENTS--GENERAL INFORMATION
fixed length control field 160413s1998 bg a|||| |||| 00| 0 ben d
020 ## - INTERNATIONAL STANDARD BOOK NUMBER
International Standard Book Number 9844940087
Terms of availability : TK. 100.00
035 ## - SYSTEM CONTROL NUMBER
System control number (BD-RjUL)39747
040 ## - CATALOGING SOURCE
Original cataloging agency BD-RjUL
Language of cataloging ben
Transcribing agency BD-RjUL
041 ## - LANGUAGE CODE
Language code of text/sound track or separate title ben
082 ## - DEWEY DECIMAL CLASSIFICATION NUMBER
Edition number 23
Classification number 363.7288
Author mark and year CHA 1998
245 00 - TITLE STATEMENT
Title চামড়া শিল্প :
Remainder of title পরিবেশ দূষণ ও দূষণ মাত্রা কমানোর উপায় /
Statement of responsibility, etc. রিপোর্ট প্রণয়ন এফ এম এ সালাম, শাহ্ মোঃ রেদোয়ান বিল্লাহ ; সম্পাদনা ফিলিপ গাইন, শিশির মোড়ল
260 ## - PUBLICATION, DISTRIBUTION, ETC. (IMPRINT)
Place of publication, distribution, etc. ঢাকা :
Name of publisher, distributor, etc. সোসাইটি ফর এনভায়রনমেন্ট এন্ড হিউম্যান ডেভেলপমেন্ট,
Date of publication, distribution, etc. ১৯৯৮
300 ## - PHYSICAL DESCRIPTION
Pagination [৮], ৬৮ পৃ. :
Illustrations চিত্র ;
Size ২১ সেমি.
500 ## - GENERAL NOTE
General note তথ্যসূত্র সংযুক্ত
650 ## - SUBJECT ADDED ENTRY--TOPICAL TERM
Topical term or geographic name as entry element চামড়া শিল্প ও বানিজ্য
General subdivision পরিবেশগত
Geographic subdivision বাংলাদেশ
-- ঢাকা
9 (RLIN) 122094
Topical term or geographic name as entry element Leather industry and trade
General subdivision Environmental aspects
Geographic subdivision Bangladesh
-- Dhaka
9 (RLIN) 122095
700 ## - ADDED ENTRY--PERSONAL NAME
Personal name সালাম, এফ এম এ, প্রতিবেদক
Personal name বিল্লাহ, শাহ্ মোঃ রেদোয়ান, প্রতিবেদক
Personal name গাইন, ফিলিপ, সম্পাদক
Personal name মোড়ল, শিশির, সম্পাদক
942 ## - ADDED ENTRY ELEMENTS (KOHA)
Source of classification or shelving scheme Dewey Decimal Classification
Koha item type Books
Holdings
Lost status Source of classification or shelving scheme Damaged status Not for loan Collection code Permanent Location Current Location Shelving location Date acquired Source of acquisition Cost, normal purchase price Total Checkouts Full call number Date last seen Copy number Koha item type
  Dewey Decimal Classification   Not For Loan Non-fiction Central Library, University of Rajshahi Central Library, University of Rajshahi Reading Room 13/12/2013 Prothoma prokason, Dhaka 100.00   B 363.7288 CHA 1998 13/04/2016 C-1 Books
  Dewey Decimal Classification     Non-fiction Central Library, University of Rajshahi Central Library, University of Rajshahi   13/12/2013 Prothoma prokason, Dhaka 100.00   B 363.7288 CHA 1998 13/04/2016 C-2 Books
  Dewey Decimal Classification     Non-fiction Central Library, University of Rajshahi Central Library, University of Rajshahi   13/12/2013 Prothoma prokason, Dhaka 100.00   B 363.7288 CHA 1998 13/04/2016 C-3 Books